Mesa cultural

Bewaard in:
Bibliografische gegevens
Coauteur: Instituto de Cooperación Iberoaméricana
Formaat: Texto
Gepubliceerd in: Madrid: Huertas
Tags: Voeg label toe
Geen labels, Wees de eerste die dit record labelt!

MARC

LEADER 00000 a a2200000 04500
001 25461
003
040
090 |a 152524  
110 |a Instituto de Cooperación Iberoaméricana  
245 |a Mesa cultural  
260 |a Madrid:   |b Huertas  
300 |a 516 p.   |b il.  
999 |c 13833  |d 13833